| 000 | 00943cam a22002893a 4500 | ||
|---|---|---|---|
| 001 | 32370 | ||
| 003 | PGUSA | ||
| 005 | 20140828083712.0 | ||
| 008 | 100514s2010||||xxu|||||s|||||000 | eng d | ||
| 040 |
_aPGUSA _beng |
||
| 042 | _adc | ||
| 050 | 4 | _aD | |
| 100 | 1 |
_aMarx, Karl, _d1818-1883 |
|
| 245 | 1 | 0 |
_aSecret Diplomatic History of The Eighteenth Century _h[electronic resource] / _cKarl Marx |
| 260 |
_bProject Gutenberg, _c2010 |
||
| 506 | _aPublic domain in the USA. | ||
| 516 | _aElectronic text | ||
| 653 | _aRussia -- Foreign relations -- 1689-1801 | ||
| 653 | _aNorthern War, 1700-1721 | ||
| 653 | _aGreat Britain -- Foreign relations -- Russia | ||
| 653 | _aEurope -- Politics and government -- 1648-1789 | ||
| 653 | _aRussia -- Foreign relations -- Great Britain | ||
| 700 | 1 |
_aAveling, Eleanor Marx, _d1855-1898 |
|
| 830 | 0 |
_aProject Gutenberg _v32370 |
|
| 856 | 4 | 0 | _uhttp://www.gutenberg.org/ebooks/32370 |
| 942 | _cEB | ||
| 999 |
_c261625 _d261625 |
||